000 00321nam a2200133Ia 4500
005 20260328101446.0
008 260328s9999||||xx |||||||||||||| ||und||
100 _aNeue Museum Berlin
245 0 _aÄgyptischen Museum Berlin /
_cNeue Museum Berlin
260 _bBelser
300 _a126 p.
650 _aARTE
942 _cBK
999 _c8476
_d8476